Interviú al ilustrísimo señor don Rosendo Peitx : presidente de la Comisión de Obras Públicas y Paro Obrero presidente de la Comisión de Obras Públicas y Paro Obrero
Descripción Física:
Il·lustracions, mapes
Colección:
San Jorge,
; núm. 21 (gener 1956), pàg 89-92
Otros Autores:
Peitx Jordana, Rosendo
Materias:
Barcelona (Catalunya : Província). -- Diputació -- Assignacions pressupostàries i despeses
; Camins -- Barcelona (Província) -- Disseny i construcció
Idioma:
Español
MARC
| LEADER | 00000naa a2200000 a 4500 | ||
|---|---|---|---|
| 003 | Arxiu | ||
| 005 | 20260324181042.0 | ||
| 008 | 160829s1956 spcaxx s spa c | ||
| 040 | |a AGDB | ||
| 245 | 0 | 0 | |a Interviú al ilustrísimo señor don Rosendo Peitx : |b presidente de la Comisión de Obras Públicas y Paro Obrero |
| 300 | |b Il·lustracions, mapes | ||
| 490 | |a San Jorge, |v núm. 21 (gener 1956), pàg 89-92 | ||
| 610 | 1 | 0 | |a Barcelona (Catalunya : Província). |b Diputació |x Assignacions pressupostàries i despeses |9 53789 |
| 650 | 0 | |a Camins |z Barcelona (Província) |x Disseny i construcció |9 28422 | |
| 700 | 1 | |9 55953 |a Peitx Jordana, Rosendo |e entrevistat | |
| 773 | |g Núm. 21 (gener 1956), pàg 89-92 |t San Jorge. | ||
| 901 | |a Arxiu | ||
| 942 | |n 1 |2 udc |c ART | ||
| 952 | |0 0 |1 0 |4 0 |6 REV511 |7 1 |9 65583 |a Arxiu |b Arxiu |d 2023-03-13 |l 0 |o Rev-511 |r 2023-03-13 00:00:00 |w 2023-03-13 |y ARXIU |z També disponible a Rev-525 | ||
| 999 | |c 49864 |d 49864 | ||